00442nam a22001577a 450000500170000001000150001702000110003203500140004303700130005708200160007024500760008626000290016227000480019130000210023970000240026020230912162457.0 aENG-137884 c500.00 aEN-121416 bDBAD/PUB a954.0532092 aPupils' President:bA.P.J. Abdul Kalam /cedited by Satyam Roychowdhury aKolkatabBee Booksc2015 bKolkatae700009a1/1 Brindaban Mallick Lane a312p. c24cm(Hb) aRoychowdhury,Satyam